Miasta w województwie małopolskim - Statystyki

Ogólne statystyki
  • Ten quiz został rozwiązany 120 razy
    31 od ostatniego zresetowania
  • Średni wynik to 50 z 64
Statystyki odpowiedzi
Miasto Liczba mieszkańców % Poprawnych
Brzesko 15 759
100%
Kraków 810 590
100%
Nowy Sącz 79 555
100%
Nowy Targ 33 045
100%
Tarnów 101 614
100%
Wieliczka 28 399
100%
Zakopane 24 988
100%
Bochnia 28 271
93%
Chrzanów 33 349
93%
Myślenice 17 643
93%
Olkusz 31 688
93%
Oświęcim 35 121
93%
Stary Sącz 8580
93%
Wadowice 16 825
93%
Andrychów 17 941
86%
Dąbrowa Tarnowska 11 356
86%
Gorlice 24 972
86%
Grybów 5877
86%
Limanowa 14 293
86%
Miechów 10 814
86%
Mszana Dolna 7808
86%
Niepołomice 17 450
86%
Piwniczna-Zdrój 5301
86%
Proszowice 5701
86%
Rabka-Zdrój 12 088
86%
Alwernia 3177
79%
Biecz 4237
79%
Czarny Dunajec 3630
79%
Kalwaria Zebrzydowska 4247
79%
Krynica-Zdrój 9377
79%
Maków Podhalański 5460
79%
Skawina 23 813
79%
Słomniki 4144
79%
Sucha Beskidzka 8711
79%
Szczawnica 5162
79%
Zakliczyn 1563
79%
Bukowno 9182
71%
Czchów 2243
71%
Jordanów 5377
71%
Koszyce 764
71%
Krzeszowice 9750
71%
Muszyna 4416
71%
Nowy Wiśnicz 2717
71%
Skała 3832
71%
Trzebinia 18 187
71%
Wojnicz 3115
71%
Wolbrom 7946
71%
Zator 3555
71%
Bobowa 3051
64%
Brzeszcze 10 458
64%
Ciężkowice 2482
64%
Dobczyce 6109
64%
Kęty 17 479
64%
Książ Wielki 841
64%
Nowe Brzesko 1593
64%
Sułkowice 6517
64%
Świątniki Górne 2390
64%
Szczucin 4045
64%
Żabno 4079
64%
Chełmek 8219
57%
Libiąż 15 719
57%
Radłów 2692
57%
Ryglice 2632
57%
Tuchów 6106
57%
Nie znaleziono quizów pasujących do podanych kryteriów
Rozkład punktacji
Procent ludzi z każdym wynikiem
Percentyl według liczby udzielonych odpowiedzi
Twoja historia wyników
Nie rozwiązałeś tego quizu od ostatniego zresetowania